Statistics for De 100 største byer I Danmark på et kort Quiz

Click here to take the quiz!

General Stats

  • This quiz has been taken 931 times
  • The average score is 48 of 100

Answers on the Map

Answers color-coded by a green-red scale on the quiz's map according to % correct below.
 

Answer Stats

IndbyggertalBy% Correct
280,534Aarhus
97%
1,330,993København
97%
180,302Odense
97%
117,351Aalborg
95%
72,037Esbjerg
91%
62,482Randers
86%
51,262Roskilde
86%
57,655Vejle
86%
8,005Skagen
84%
50,332Herning
83%
61,121Kolding
80%
59,449Horsens
78%
27,068Svendborg
76%
16,860Nykøbing Falster
75%
9,134Nykøbing Mors
75%
47,461Helsingør
74%
37,754Køge
74%
46,923Silkeborg
74%
27,841Sønderborg
74%
40,778Viborg
74%
40,981Fredericia
72%
13,772Rønne
72%
34,015Slagelse
72%
23,546Frederikshavn
71%
15,662Middelfart
71%
17,268Nyborg
70%
43,803Næstved
69%
13,536Thisted
66%
7,581Tønder
66%
16,425Kalundborg
64%
22,898Ringsted
63%
20,573Skive
63%
33,398Hillerød
62%
25,780Hjørring
62%
9,923Ringkøbing
62%
36,643Holstebro
61%
19,525Skanderborg
61%
16,337Aabenraa
59%
8,541Ribe
59%
22,003Haderslev
58%
28,833Holbæk
57%
6,658Billund
56%
14,608Korsør
55%
12,032Vordingborg
55%
12,130Hobro
54%
15,922Ikast
53%
6,974Faaborg
52%
14,022Varde
51%
7,167Ebeltoft
48%
12,707Nakskov
48%
7,853Sorø
47%
9,782Vejen
45%
14,251Grenaa
44%
16,295Frederikssund
43%
6,895Lemvig
43%
7,843Skjern
43%
10,303Struer
43%
12,694Brønderslev
40%
23,124Nørresundby
39%
12,309Odder
37%
34,364Taastrup
37%
20,345Farum
35%
7,354Brande
33%
47,499Hørsholm
33%
8,898Sæby
32%
12,611Frederiksværk
31%
6,662Gilleleje
31%
20,823Birkerød
29%
8,616Hundested
29%
12,265Dragør
28%
11,973Hedensted
28%
7,431Vojens
28%
8,554Aars
27%
8,465Helsinge
26%
16,732Solrød Strand
26%
22,101Ølstykke-Stenløse
25%
9,853Grindsted
24%
8,871Fredensborg
23%
8,225Hadsten
23%
7,427Bjerringbro
20%
12,014Haslev
20%
10,197Jyllinge
20%
6,988Bramming
19%
6,648Skælskør
19%
8,325Støvring
19%
16,940Lillerød
18%
12,926Værløse
17%
12,354Hedehusene
15%
9,746Humlebæk
15%
7,088Hammel
14%
7,845Hinnerup
14%
8,011Nivå
14%
6,808Slangerup
13%
20,025Smørumnedre
13%
7,398Svenstrup
13%
8,828Galten
11%
8,769Beder-Malling
10%
10,419Lystrup
10%
8,226Hørning
9%
8,317Løgten
7%

Score Distribution

Percentile by Number Answered

Percent of People with Each Score

Your Score History

You have not taken this quiz